03923 2201909 4500001002100000005001500021008004100036035002000077082000800097084001400105100001900119245006900138250000600207260003400213300001200247650001400259990001200273990001200285990001200297990001200309990001200321990001200333990001200345990001200357990001200369990001200381990001200393990001200405990001200417990001200429990001200441990001200453990001200465990001200477990001200489990001200501990001200513990001200525990001200537990001200549990001200561990001200573990001200585990001200597990001200609990001200621990001200633990001200645990001200657990001200669990001200681990001200693990001200705990001200717990001200729990001200741990001200753990001200765990001200777990001200789990001200801990001200813990001200825990001200837990001200849990001200861990001200873990001200885990001200897990001200909990001200921990001200933990001200945990001200957990001200969990001200981990001200993990001201005990001201017990001201029990001201041990001201053990001201065990001201077990001201089990001201101990001201113990001201125990001201137990001201149990001201161990001201173990001201185990001201197990001201209990001201221990001201233990001201245990001201257990001201269990001201281990001201293990001201305990001201317990001201329990001201341990001201353990001201365990001201377990001201389990001201401990001201413990001201425990001201437990001201449990001201461990001201473990001201485990001201497990001201509990001201521990001201533990001201545990001201557990001201569990001201581990001201593990001201605990001201617990001201629990001201641990001201653990001201665990001201677990001201689990001201701990001201713990001201725990001201737990001201749990001201761990001201773990001201785990001201797990001201809990001201821990001201833990001201845990001201857990001201869990001201881990001201893990001201905990001201917990001201929990001201941990001201953990001201965990001201977990001201989990001202001INLIS00000000000013620250912012838250912 0 ind  a0010-0424000112 a574 a574 SRI b aPujiyanto, Sri1 aBuku Siswa Biologi 3 Peminatan ( Edisi Revisi ) /cSri Pujiyanto a1 aSolo :bTiga Serangkai,c2016 a276 hlm 4aNon Fiksi a0736339 a0736340 a0736341 a0736342 a0736343 a0736344 a0736345 a0736346 a0736347 a0736348 a0736349 a0736350 a0736351 a0736352 a0736353 a0736354 a0736355 a0736356 a0736357 a0736358 a0736359 a0736360 a0736361 a0736362 a0736363 a0736364 a0736365 a0736366 a0736367 a0736368 a0736369 a0736370 a0736371 a0736372 a0736373 a0736374 a0736375 a0736376 a0736377 a0736378 a0736379 a0736380 a0736381 a0736382 a0736383 a0736384 a0736385 a0736386 a0736387 a0736388 a0736389 a0736390 a0736391 a0736392 a0736393 a0736394 a0736395 a0736396 a0736397 a0736398 a0736399 a0736400 a0736401 a0736402 a0736403 a0736404 a0736405 a0736406 a0736407 a0736408 a0736409 a0736410 a0736411 a0736412 a0736413 a0736414 a0736415 a0736416 a0736417 a0736418 a0736419 a0736420 a0736421 a0736422 a0736423 a0736424 a0736425 a0736426 a0736427 a0736428 a0736429 a0736430 a0736431 a0736432 a0736433 a0736434 a0736435 a0736436 a0736437 a0736438 a0736439 a0736440 a0736441 a0736442 a0736443 a0736444 a0736445 a0736446 a0736447 a0736448 a0736449 a0736450 a0736451 a0736452 a0736453 a0736454 a0736455 a0736456 a0736457 a0736458 a0736459 a0736460 a0736461 a0736462 a0736463 a0736464 a0736465 a0736466 a0736467 a0736468 a0736469 a0736470 a0736471 a0736472 a0736473 a0736474 a0736475 a0736476 a0736477 a0736478 a0736479 a0736480 a0736481 a0736482 a0736483